Pink Floyd Albums Tile Select - Statistics

General Stats
  • This quiz has been taken 112 times
  • The average score is 59 of 69
Answer Stats
Question Tile Select % Correct
the following songs that are on The Dark Side of the Moon (1973). A Pillow of Winds No
99%
the following songs that are on The Dark Side of the Moon (1973). Childhood's End No
99%
the following songs that are on The Dark Side of the Moon (1973). Brain Damage Yes
98%
the following songs that are on The Dark Side of the Moon (1973). Comfortably Numb No
98%
the following songs that are on Animals (1977). Pigs (Three Different Ones) Yes
98%
the following songs that are on Animals (1977). Sheep Yes
98%
the following songs that are on The Dark Side of the Moon (1973). The Great Gig in the Sky Yes
98%
the following songs that are on Animals (1977). Dogs Yes
97%
the following songs that are on Wish You Were Here (1975). Empty Spaces No
97%
the following songs that are on Wish You Were Here (1975). Goodbye Blue Sky No
97%
the following songs that are on Wish You Were Here (1975). Have a Cigar Yes
97%
the following songs that are on Wish You Were Here (1975). One of the Few No
97%
the following songs that are on Wish You Were Here (1975). Shine On You Crazy Diamond Yes
97%
the following songs that are on Animals (1977). When the Tigers Broke Free No
97%
the following songs that are on Meddle (1971). Echoes Yes
96%
the following songs that are on The Dark Side of the Moon (1973). Hey You No
96%
the following songs that are on The Dark Side of the Moon (1973). Us and Them Yes
96%
the following songs that are on The Dark Side of the Moon (1973). Money Yes
93%
the following songs that are on Animals (1977). Pigs on the Wing Yes
93%
the following songs that are on Wish You Were Here (1975). Welcome to the Machine Yes
93%
the following songs that are on The Wall (1979). Sorrow No
92%
the following songs that are on Animals (1977). The Dogs of War No
92%
the following songs that are on The Wall (1979). The Post War Dream No
92%
the following songs that are on Meddle (1971). Careful with That Axe, Eugene No
91%
the following songs that are on The Wall (1979). Is There Anybody Out There? Yes
91%
the following songs that are on The Wall (1979). Mother Yes
91%
the following songs that are on The Wall (1979). Not Now John No
91%
the following songs that are on The Wall (1979). Run Like Hell Yes
91%
the following songs that are on Atom Heart Mother (1970). The Nile Song No
91%
the following songs that are on The Wall (1979). The Fletcher Memorial Home No
90%
the following songs that are on Meddle (1971). Alan's Psychedelic Breakfast No
89%
the following song that are on A Momentary Lapse of Reason (1987). Learning to Fly Yes
89%
the following songs that are on Atom Heart Mother (1970). Fat Old Sun Yes
88%
the following songs that are on Atom Heart Mother (1970). Free Four No
88%
the following songs that are on Atom Heart Mother (1970). If Yes
88%
the following songs that are on Meddle (1971). San Tropez Yes
87%
the following songs that are on The Wall (1979). The Happiest Days of Our Lives Yes
87%
the following songs that are on Atom Heart Mother (1970). The Narrow Way No
87%
the following songs that are on the original UK release of The Piper at the Gates of Dawn (1967). Julia Dream No
85%
the following songs that are on The Division Bell (1994). Yet Another Movie No
85%
the following songs that are on The Wall (1979). Young Lust Yes
85%
the following songs that are on The Division Bell (1994). Cymbaline No
84%
the following songs that are on The Dark Side of the Moon (1973). On the Run Yes
84%
the following songs that are on the original UK release of The Piper at the Gates of Dawn (1967). Astronomy Domine Yes
83%
the following songs that are on the original UK release of The Piper at the Gates of Dawn (1967). Cirrus Minor No
83%
the following songs that are on Meddle (1971). Fearless Yes
83%
the following songs that are on The Division Bell (1994). High Hopes Yes
83%
the following song that are on A Momentary Lapse of Reason (1987). Two Suns in the Sunset No
83%
the following songs that are on the original UK release of The Piper at the Gates of Dawn (1967). Interstellar Overdrive Yes
82%
the following song that are on A Momentary Lapse of Reason (1987). Let There Be More Light No
82%
the following songs that are on the original UK release of The Piper at the Gates of Dawn (1967). Set the Controls for the Heart of the Sun No
82%
the following song that are on A Momentary Lapse of Reason (1987). Your Possible Pasts No
82%
the following songs that are on the original UK release of The Piper at the Gates of Dawn (1967). Lucifer Sam Yes
81%
the following songs that are on Atom Heart Mother (1970). Summer '68 Yes
81%
the following songs that are on the original UK release of The Piper at the Gates of Dawn (1967). Arnold Layne No
79%
the following song that are on A Momentary Lapse of Reason (1987). Remember a Day No
79%
the following songs that are on The Division Bell (1994). Louder than Words No
78%
the following songs that are on Meddle (1971). One of These Days Yes
76%
the following songs that are on the original UK release of The Piper at the Gates of Dawn (1967). The Gnome Yes
76%
the following songs that are on The Division Bell (1994). Marooned Yes
75%
the following songs that are on The Division Bell (1994). Poles Apart Yes
75%
the following song that are on A Momentary Lapse of Reason (1987). Coming Back to Life No
66%
the following songs that are on the original UK release of The Piper at the Gates of Dawn (1967). Take Up Thy Stethoscope and Walk Yes
64%
the following song that are on A Momentary Lapse of Reason (1987). On the Turning Away Yes
63%
the following song that are on A Momentary Lapse of Reason (1987). One Slip Yes
57%
the following songs that are on The Division Bell (1994). A Great Day for Freedom Yes
56%
the following songs that are on The Division Bell (1994). Keep Talking Yes
56%
the following song that are on A Momentary Lapse of Reason (1987). Terminal Frost Yes
53%
the following songs that are on The Division Bell (1994). Lost for Words Yes
49%
No matching quizzes found
Score Distribution
Percent of People with Each Score
Percentile by Number Answered
Your Score History
You have not taken this quiz